[Event "GER-ch U08"]
[Site "Willingen"]
[Date "2023.06.02"]
[Round "6"]
[White "Saeidi, Fardin Jahan"]
[Black "Filis, Leon"]
[Result "1/2-1/2"]
[WhiteElo "1037"]
[BlackElo "1046"]
[PlyCount "60"]
[EventDate "2023.05.30"]
[EventType "swiss"]
[EventRounds "7"]
[EventCountry "GER"]
[SourceTitle "CBM 214 Extra"]
[Source "ChessBase"]
[SourceDate "2023.07.31"]
[SourceVersion "1"]
[SourceVersionDate "2023.07.31"]
[SourceQuality "1"]

1. e4 d5 2. exd5 Nf6 3. Bb5+ Bd7 4. Bc4 c6 5. dxc6 Nxc6 6. Nc3 e6 7. d4 Bb4 8. Nge2 0-0 9. a3 Bd6 10. 0-0 Qc7 11. Ng3 Rfd8 12. Bg5 Be7 13. Qd2 h6 14. Bf4 Bd6 15. Nb5 Bxf4 16. Nxc7 Bxd2 17. Nxa8 Rxa8 18. Rad1 Bf4 19. d5 Na5 20. Ba2 Bb5 21. Rfe1 exd5 22. Bxd5 Nxd5 23. Rxd5 a6 24. a4 Bc6 25. Rxa5 Bd2 26. Rae5 Bxe1 27. Rxe1 Bxa4 28. b3 Re8 29. Rd1 Bc6 30. f3 Kf8 1/2-1/2

[Event "GER-ch U08"]
[Site "Willingen"]
[Date "2023.06.01"]
[Round "3"]
[White "Saeidi, Fardin Jahan"]
[Black "Sriram, Aumkar"]
[Result "0-1"]
[WhiteElo "1037"]
[BlackElo "1126"]
[PlyCount "128"]
[EventDate "2023.05.30"]
[EventType "swiss"]
[EventRounds "7"]
[EventCountry "GER"]
[SourceTitle "CBM 214 Extra"]
[Source "ChessBase"]
[SourceDate "2023.07.31"]
[SourceVersion "1"]
[SourceVersionDate "2023.07.31"]
[SourceQuality "1"]

1. e4 g6 2. Nf3 Bg7 3. d4 c5 4. d5 d6 5. Bc4 Nd7 6. Nc3 Nb6 7. Bb5+ Bd7 8. Bxd7+ Qxd7 9. Bd2 Nc4 10. b3 Nxd2 11. Qxd2 b5 12. Rd1 Nf6 13. 0-0 b4 14. Ne2 Nxe4 15. Qf4 Nf6 16. Rfe1 0-0 17. Ng3 Qb7 18. Qd2 a5 19. Ne4 Nxe4 20. Rxe4 Rfe8 21. Rb1 e6 22. Rd1 exd5 23. Rxe8+ Rxe8 24. Qxd5 Qxd5 25. Rxd5 Bf8 26. g3 Ra8 27. Kg2 a4 28. Nd2 axb3 29. axb3 Ra2 30. Nc4 Rxc2 31. Nxd6 Rb2 32. Nb7 Rxb3 33. Nxc5 Bxc5 34. Rxc5 Rc3 35. Rb5 b3 36. Kf1 Kf8 37. Ke2 Rc2+ 38. Kf1 b2 39. Kg2 Ke7 40. Kf3 Kd6 41. Ke3 Kc6 42. Rb3 Kc5 43. Rb8 Kc4 44. Rc8+ Kb3 45. Rb8+ Ka2 46. Ra8+ Kb1 47. h3 Kc1 48. Rb8 b1Q 49. Rxb1+ Kxb1 50. f4 Rh2 51. h4 h6 52. Kf3 f6 53. Ke4 Kc2 54. f5 g5 55. hxg5 hxg5 56. g4 Kc3 57. Kd5 Rg2 58. Ke6 Rxg4 59. Kxf6 Kd4 60. Kg6 Ke5 61. f6 Ke6 62. f7 Ke7 63. Kf5 Rg1 64. f8Q+ Kxf8 0-1

[Event "GER-ch U08"]
[Site "Willingen"]
[Date "2023.05.31"]
[Round "2"]
[White "Estrin, Boris"]
[Black "Saeidi, Fardin Jahan"]
[Result "0-1"]
[WhiteElo "1205"]
[BlackElo "1037"]
[PlyCount "110"]
[EventDate "2023.05.30"]
[EventType "swiss"]
[EventRounds "7"]
[EventCountry "GER"]
[SourceTitle "CBM 214 Extra"]
[Source "ChessBase"]
[SourceDate "2023.07.31"]
[SourceVersion "1"]
[SourceVersionDate "2023.07.31"]
[SourceQuality "1"]

1. e4 c5 2. Nf3 Nc6 3. d4 cxd4 4. Nxd4 Nf6 5. Nc3 e5 6. Nf3 Bb4 7. Bd2 d6 8. Bc4 0-0 9. 0-0 Bxc3 10. Bxc3 Nxe4 11. Qd3 Nf6 12. Ng5 d5 13. Bb3 e4 14. Qd2 d4 15. Bb4 Nxb4 16. Qxb4 h6 17. Nxf7 Rxf7 18. Bxf7+ Kxf7 19. Rad1 d3 20. Qb3+ Qd5 21. Qxd5+ Nxd5 22. cxd3 exd3 23. Rxd3 Be6 24. f4 Nf6 25. Rc1 Re8 26. Kf2 Bf5 27. Rc7+ Kf8 28. Ra3 a6 29. Rxb7 Be6 30. Rxa6 Bc8 31. Rxf6+ gxf6 32. Rh7 Kg8 33. Rxh6 Kg7 34. Rh5 f5 35. Rh3 Re4 36. g3 Ba6 37. Rh5 Kg6 38. Rh8 Re2+ 39. Kf3 Rxb2 40. g4 Be2+ 41. Kg3 Bxg4 42. h3 Bd1 43. Ra8 Rd2 44. Ra6+ Kf7 45. Ra7+ Ke6 46. Ra6+ Kf7 47. Ra7+ Kg6 48. Ra6+ Kh5 49. Ra5 Bc2 50. a4 Rd3+ 51. Kh2 Rf3 52. Rc5 Be4 53. a5 Rxf4 54. a6 Rf2+ 55. Kg3 Rd2 0-1